00000000nam 2200000zi 4500
0019.922128
003CaOODSP
00520230818074318
006m     o  d f      
007cr cn|||||||||
008230501t19951995onc     o    f100 0 eng d
020 |z0666235371
040 |aCaOODSP|beng|erda|cCaOODSP
043 |an-cn---
0861 |aC2-276/1995E-PDF|zC2-276/1995E
24500|aSymposium on the information infrastructure : |bbuilding the foundation for the 21st century, 20 - 21 February 1995, Vancouver, Canada / |cedited by Amy Mahan and Catherine Murray.
264 1|a[Ottawa] : |bIndustry Canada = Industrie Canada, |c[1995]
264 4|c©1995
300 |a1 online resource (xv, 118 pages)
336 |atext|btxt|2rdacontent
337 |acomputer|bc|2rdamedia
338 |aonline resource|bcr|2rdacarrier
500 |aDigitized edition from print [produced by Innovation, Science and Economic Development Canada].
650 0|aInformation theory|xEconomic aspects|vCongresses.
650 0|aInformation networks|vCongresses.
650 0|aInformation networks|xMoral and ethical aspects|vCongresses.
650 6|aThéorie de l'information|xAspect économique|vCongrès.
650 6|aRéseaux d'information|vCongrès.
650 6|aRéseaux d'information|xAspect moral|vCongrès.
655 7|aConference papers and proceedings|2lcgft
655 7|aActes de congrès|2rvmgf
7001 |aMahan, Amy, |eeditor.
7101 |aCanada. |bIndustry Canada, |eissuing body.
85640|qPDF|s3.70 MB|uhttps://publications.gc.ca/collections/collection_2023/isde-ised/c2/C2-276-1995-eng.pdf